00686nam a2200229Ia 4500003000400000005001700004008004100021020002200062040000700084041000800091082002300099100002400122245002600146260004600172300001200218365001300230650002200243906002500265942001200290999001900302952013500321OSt20230411153203.0210423s2017 xx 000 0 und d a978-93-83299-05-8 cAL aeng a808.883 223bFRAD aFRANK (Anne)986309 aDiary of a young girl aNew DelhibLittle Scholarz Pvt. Ltdc2017 a270bPB b135cINR aLiterature986310 aDiary ; girl ; young 2ddccBK c169670d169670 001040708MAENGaSACPGbSACPGd2018-12-20eNavakarnatakag135.00l0o808.883 FRADpPG016172r2022-08-24 00:00:00w2021-04-26yBK